1743 1205 1495 1143 1087 1927 1172 1883 1486 1386 1659 1940 2000 1647 1220 1888 1421 1138 1237 1711 1113 1937 1210 1954 1136 1210 1115 1340 1510 1721 1588 1694 1700 1926 1113 1263 1275 1512 1019 1182 1806 1951 1543 1035 1277 1784 1365 1876 1309 1003 1438 1650 1466 1199 1628 1641 1775 1354 1883 1371 1146 1025 1632 1577 1702 1365 1846 1853 1177 1797 1434 1239 1029 1527 1983 1071 1052 1641 1997 1627 1798 1838 1007 1955 1743 1990 1188 1385 1822 1128 1810 1933 1296 1547 1791 1992 1165 1231 1520 BCNSPRNW ULIB Ver.6.0+V

เปลี่ยนเป็นภาษาไทย

Change to English
 แสดงรายละเอียดบรรณานุกรม
  กลับหน้าหลัก

Brief Record : Get Marc (ISO 2709) : E-mail record : QR code < ปิดหน้าต่าง
LEADER : 00000nam 2200000uu 4500
001    13399115064
003     ULIB
008    120706s2541||||th 000 0 tha d
020    ^a9747445999
060 04 ^aW13^bส238พ 2541
245 00 ^aพจนานุกรมศัพท์แพทย์ "อวย เกตุสิงห์" อักษร A /^cสมชัย
250    ^aพิมพ์ครั้งที่ 1
260    ^aกรุงเทพฯ :^bโรงพิมพ์เรือนแก้วการพิมพ์,^c2541
300    ^a404 หน้า ;^c21 ซม.
500    ^aSend to Single Search
650  4 ^aการแพทย์^vพจนานุกรม
650  4 ^aแพทยศาสตร์^vพจนานุกรม
700 0  ^aสมชัย บวรกิตติ
945    ^p0^l0^i7704
995    ^aกัณชพร
999 ^a ใช้งานได้ทุกระบบ
รายการนี้ยังไม่มีแท็ก
คุณยังไม่ได้ล็อกอิน คุณสามารถมีกิจกรรมร่วมกับเว็บไซต์ได้ แต่ต้องล็อกอินก่อน ::
  ล็อกอิน

รายการสื่อสารสนเทศ

ลำดับที่ ประเภท เลขเรียก/บาร์โค้ด สถานที่ สถานะ
- ไม่พบข้อมูล -

BibComment


ยังไม่เคยถูกคอมเมนท์

คอมเมนท์ทรัพยากรรายการนี้
  คอมเมนท์: พจนานุกรมศัพท์แพ..


 Copyright 2026. Bcnsprnw @Library